QoS analiza për monitorimin e ambientit të serrës përmes Zigbee Teknologjisë (Record no. 45606)
[ view plain ]
| 000 -LEADER | |
|---|---|
| fixed length control field | 00322nam a22001217a 4500 |
| 008 - FIXED-LENGTH DATA ELEMENTS--GENERAL INFORMATION | |
| fixed length control field | 180426b xxu||||| |||| 00| 0 eng d |
| 041 ## - LANGUAGE CODE | |
| Language code of text/sound track or separate title | eng |
| 080 ## - UNIVERSAL DECIMAL CLASSIFICATION NUMBER | |
| Universal Decimal Classification number | 043 3 |
| 100 ## - Rafti | |
| Rafti | 0 |
| 101 ## - Shkurtesa | |
| Shkurtesa | shki |
| 245 ## - TITLE STATEMENT | |
| Title | QoS analiza për monitorimin e ambientit të serrës përmes Zigbee Teknologjisë |
| Statement of responsibility, etc | Blerona,C |
| 942 ## - ADDED ENTRY ELEMENTS (KOHA) | |
| Source of classification or shelving scheme | |
| Item type | Books |
| Withdrawn status | Lost status | Source of classification or shelving scheme | Damaged status | Not for loan | Collection code | Permanent location | Current location | Shelving location | Date acquired | Total Checkouts | Full call number | Barcode | Date last seen | Price effective from | Koha item type |
|---|---|---|---|---|---|---|---|---|---|---|---|---|---|---|---|
| Koleksioni i përgjithshem | UBT - Lipjan | UBT - Lipjan | Koleksioni Referal | 04/26/2018 | 043.3. Bleona.C 2018 | 002-30023204 | 04/26/2018 | 04/26/2018 | Books | ||||||
| Koleksioni i përgjithshem | UBT - Lipjan | UBT - Lipjan | Koleksioni Referal | 04/26/2018 | 043.3. Bleona.C 2018 | 002-30023209 | 04/26/2018 | 04/26/2018 | Books | ||||||
| Koleksioni i përgjithshem | UBT - Lipjan | UBT - Lipjan | Koleksioni Referal | 04/26/2018 | 043.3. Bleona.C2018 | 002-3003214 | 04/26/2018 | 04/26/2018 | Books |